|
|
|
|
| LEADER |
01045nam a22002537a 4500 |
| 001 |
30821 |
| 003 |
BD-DhAAL |
| 005 |
20170104112409.0 |
| 008 |
160112s2007 bg ||||| |||| 00| 0 ben d |
| 040 |
|
|
|a BD-DhAAL
|c BD-DhAAL
|
| 082 |
|
|
|2 22
|a 344.549201
|
| 100 |
|
|
|a মনিরুজ্জামান, এ. এ. এম.
|9 17311
|
| 245 |
|
|
|a বাংলাদেশ শ্রম আইন, ২০০৬ /
|
| 246 |
|
|
|a Bangladesh Labour Law, 2006
|
| 260 |
|
|
|a ঢাকা :
|b সামছু পাবলিকেশন্স,
|c ২০০৭
|
| 300 |
|
|
|a ২৬৫ পৃ. ;
|c ২৩ সে.মি.
|
| 500 |
|
|
|a সর্বশেষ সংশোধনী সহ
|
| 526 |
|
|
|a AAL
|
| 541 |
|
|
|e 30821
|
| 650 |
|
|
|a Labor laws and legislation
|z Bangladesh
|9 17312
|
| 852 |
|
|
|a Ayesha Abed Library
|c General Stacks
|
| 942 |
|
|
|2 ddc
|c BK
|
| 999 |
|
|
|c 36590
|d 36590
|
| 952 |
|
|
|0 0
|1 0
|2 ddc
|4 0
|6 344_549201000000000_BAN
|7 0
|9 57576
|a BRACUL
|b BRACUL
|c GEN
|d 2016-01-12
|e Tamara Abed, BRAC
|l 8
|m 110
|o 344.549201 BAN
|p 3010030821
|r 2025-06-24
|s 2025-03-19
|t 1
|w 2016-01-12
|y BK
|